00422nam a22001457a 4500003000400000020001800004082001800022100002400040245003000064260003300094300000700127942001200134952011300146999001700259SGT a9786207651276 a617.601bG24P aPriyadarshi, Surbhi aGenes and Dental Diseases bLambert Academic Pub. c2024 a76 2ddccBK 00102ddc4071aFDbFDcREFd2024-09-30iSGTUl0o617.601 G24PpFD9591r2024-09-30 00:00:00w2024-09-30yBK c27065d27065